Инженерная графика: аудиторные задачи и задания: учебное пособие

Détails bibliographiques
Auteur principal: Чекмарёв А. А. Альберт Анатольевич
Résumé:В учебном пособии приведены задачи и контрольные вопросы по темам программы по инженерной графике в соответствии с учебником «Инженерная графика». Даны примеры работ, выполняемых студентами в течение семестра. Для студентов машиностроительных специальностей высших учебных заведений.
Langue:russe
Publié: Москва, Инфра-М, 2017
Édition:2-е изд., испр.
Collection:Высшее образование. Бакалавриат
Sujets:
Format: Livre
KOHA link:https://koha.lib.tpu.ru/cgi-bin/koha/opac-detail.pl?biblionumber=316770

MARC

LEADER 00000nam0a2200000 4500
001 316770
005 20231102002916.0
010 |a 9785160114743 
035 |a (RuTPU)RU\TPU\book\342238 
090 |a 316770 
100 |a 20160329d2017 m y0rusy50 ca 
101 0 |a rus 
102 |a RU 
105 |a a j 001zy 
200 1 |a Инженерная графика: аудиторные задачи и задания  |e учебное пособие  |f А. А. Чекмарёв 
205 |a 2-е изд., испр. 
210 |a Москва  |c Инфра-М  |d 2017 
215 |a 77 с.  |c ил. 
225 1 |a Высшее образование. Бакалавриат 
320 |a Библиогр.: с. 76 
330 |a В учебном пособии приведены задачи и контрольные вопросы по темам программы по инженерной графике в соответствии с учебником «Инженерная графика». Даны примеры работ, выполняемых студентами в течение семестра. Для студентов машиностроительных специальностей высших учебных заведений. 
606 1 |a Инженерная графика  |2 stltpush  |3 (RuTPU)RU\TPU\subj\39243  |9 59411 
610 1 |a аудиторные задачи 
610 1 |a чертежи 
610 1 |a начертательная геометрия 
610 1 |a многогранники 
610 1 |a кривые линии 
610 1 |a поверхности 
610 1 |a пересечения 
610 1 |a аксонометрические проекции 
610 1 |a смешанные задачи 
610 1 |a аудиторные занятия 
610 1 |a учебные пособия 
675 |a 76:621(075.8)  |v 4 
700 1 |a Чекмарёв  |b А. А.  |g Альберт Анатольевич 
801 1 |a RU  |b 63413507  |c 20160329 
801 2 |a RU  |b 63413507  |c 20161028  |g RCR 
900 |a Инженерная графика 
942 |c BK 
959 |a 29/20160310  |d 5  |e 169,90  |f ЧЗТЛ:1  |f УФ:4 
959 |a 39/20160429  |d 5  |e 169,00  |f ЧЗТЛ:1  |f УФ:4